| 000 | 00587nam a2200217Ia 4500 | ||
|---|---|---|---|
| 003 | GCL | ||
| 008 | 140319s9999 xx 000 0 eng d | ||
| 020 | _a1857433249 | ||
| 040 |
_aGCL / _cGCL |
||
| 082 | 0 | 4 |
_aREF _b956 _bE M |
| 100 | 1 | _aROUTLEDGE | |
| 245 | 1 | 0 |
_aTHE MIDDLE EAST AND NORTH AFRICA 2006 / _cROUTLEDGE |
| 250 | _a52 | ||
| 260 |
_aانجلترا : _bROUTTEDGE CO L TD ، _c2006 |
||
| 300 |
_a32 CM ؛ _c1386 P |
||
| 650 | 0 | 4 | _aMIDDLE EAST - ECONOMIC CONDITION |
| 650 | 0 | 4 | _aMIDDLE EAST |
| 650 | 0 | 4 | _aNORTH AFRICA |
| 650 | 0 | 4 | _aMIDDLE EAST - HISTORY |
| 942 |
_2ddc _cBK |
||
| 999 |
_c17049 _d17049 |
||